| 000 | 00908nam a2200205Ia 4500 | ||
|---|---|---|---|
| 003 | Ost | ||
| 005 | 20260507075631.0 | ||
| 008 | 260507s9999||||xx |||||||||||||| ||und|| | ||
| 040 | _cfsecg | ||
| 041 | _aara | ||
| 082 | _a332.15 | ||
| 100 |
_aتشومسكي، نعوم _eمؤلف |
||
| 245 | 0 |
_aضبط الرعاع : _bحوارات أجراها معه ديفيد بارساميان / _c نعوم تشومسكي |
|
| 260 |
_aعمان: _bدار الاهلية, _c2002 |
||
| 300 |
_a288 صفحة؛ _c24 سم |
||
| 520 | _aتجد في هذا الكتاب : البنك الدولي ،وسائل الإعلام والمعرفة والموضوعية ، الجريمة والسيطرة على السلاح ، النظام الإقتصادي العالمي الناشئ انعكاسات على الديمقراطية | ||
| 653 | _aالاقتصاد | ||
| 653 | _aالبنوك الدولية | ||
| 942 | _cكتاب | ||
| 999 |
_c45209 _d45209 |
||